AH International Schools' Libraries

This Little Pirate / (Record no. 48716)

MARC details
000 -LEADER
fixed length control field 00937nam a2200133 4500
020 ## - INTERNATIONAL STANDARD BOOK NUMBER
International Standard Book Number 9781409308416
100 ## - MAIN ENTRY--PERSONAL NAME
Personal name Lyes, Lucy,
Relator term author.
9 (RLIN) 59308
245 ## - TITLE STATEMENT
Title This Little Pirate /
Statement of responsibility, etc by Lucy Lyes.
260 ## - PUBLICATION, DISTRIBUTION, ETC. (IMPRINT)
Place of publication, distribution, etc London :
Name of publisher, distributor, etc Ladybird ;
Date of publication, distribution, etc 2011.
300 ## - PHYSICAL DESCRIPTION
Extent 12 pages.
Dimensions 18.4 x 2.1 x 11.9 cm.
490 ## - SERIES STATEMENT
Series statement Ladybird touch-and-feel
520 ## - SUMMARY, ETC.
Summary, etc This Little Pirate is a first Touch and Feel book from Ladybird.<br/><br/>Toddlers and young children will love interacting with the friendly touch-and-feel pictures in this sturdy board book from Ladybird.<br/><br/>Have fun reading the rhymes together and finding the feely areas on the teddies each time. Feel soft paw pads or stroke a fluffy tummy, each little teddy is different. Then think of a name for the last little teddy at the end!<br/><br/>A perfect first touch and feel book for 0 to 3 year olds, This Little Teddy helps to develop sensory and language awareness in preschool children.
942 ## - ADDED ENTRY ELEMENTS (KOHA)
Source of classification or shelving scheme
Koha item type Board Book
Holdings
Withdrawn status Lost status Source of classification or shelving scheme Damaged status Not for loan Home library Current library Date acquired Total Checkouts Full call number Barcode Date last seen Date checked out Price effective from Koha item type
          Logos International School Logos International School 03/24/2025 5 BB LYE 040561 04/27/2026 10/20/2025 03/24/2025 Board Book

For any Logos Library related questions please contact Miss Art at swongnarasuk@asianhope.org.

For any Asian Hope Library related questions please contact Miss Raza at graza@asianhope.org.

Click here to explore our ebooks!

Powered by Koha